[Event "Dekweneh Keshmat op"]
[Site "Dekweneh"]
[Date "2025.03.21"]
[Round "9"]
[White "Kassar, Bashar"]
[Black "Totonji, Kamal"]
[Result "1-0"]
[WhiteElo "1820"]
[BlackElo "1615"]
[PlyCount "101"]
[EventDate "2025.03.13"]
[EventType "swiss"]
[EventRounds "9"]
[EventCountry "LBN"]
[SourceTitle "CB13_2025"]
[SourceDate "2025.03.26"]
[SourceVersion "1"]
[SourceVersionDate "2025.03.26"]
[SourceQuality "1"]

1. e4 c5 2. Nc3 e6 3. f4 a6 4. Nf3 Nc6 5. d4 cxd4 6. Nxd4 Bc5 7. Be3 Ba7 8. Nxc6 bxc6 9. Bxa7 Rxa7 10. Qd4 Ra8 11. Qxg7 Qf6 12. Qxf6 Nxf6 13. e5 Ng4 14. Ne4 Ne3 15. Kd2 Nd5 16. Nd6+ Ke7 17. g3 h5 18. Bg2 Nc7 19. c4 a5 20. Kc3 Ne8 21. Rad1 h4 22. g4 Nxd6 23. Rxd6 f6 24. Rf1 fxe5 25. fxe5 Rf8 26. Rxf8 Kxf8 27. Be4 Kg7 28. g5 a4 29. b4 axb3 30. axb3 Ra1 31. Rd2 Re1 32. Kd3 Rb1 33. Kd4 Rxb3 34. Ra2 c5+ 35. Kxc5 Bb7 36. Bxb7 Rxb7 37. Kd6 Kg6 38. Rg2 Rb4 39. Kxd7 Rxc4 40. Kxe6 Re4 41. Kd5 Re3 42. e6 Kf5 43. Rf2+ Kxg5 44. Kd6 Rd3+ 45. Kc6 Rc3+ 46. Kd7 Rd3+ 47. Ke8 Kg6 48. e7 Kg7 49. Rf4 h3 50. Rg4+ Kf6 51. Kf8 1-0

[Event "Dekweneh Keshmat op"]
[Site "Dekweneh"]
[Date "2025.03.19"]
[Round "7"]
[White "Moughames, Ronald"]
[Black "Kassar, Bashar"]
[Result "1/2-1/2"]
[WhiteElo "1841"]
[BlackElo "1820"]
[PlyCount "92"]
[EventDate "2025.03.13"]
[EventType "swiss"]
[EventRounds "9"]
[EventCountry "LBN"]
[SourceTitle "CB13_2025"]
[SourceDate "2025.03.26"]
[SourceVersion "1"]
[SourceVersionDate "2025.03.26"]
[SourceQuality "1"]

1. e4 d6 2. d4 Nf6 3. Nc3 g6 4. f4 Bg7 5. Nf3 0-0 6. Be3 c5 7. d5 b5 8. e5 Ng4 9. Bg1 Qa5 10. Bxb5 dxe5 11. Bxc5 e4 12. Ne5 a6 13. Bxe7 Bxe5 14. fxe5 axb5 15. Bxf8 Kxf8 16. Qd4 Na6 17. 0-0 Qc7 18. Nxb5 Qxe5 19. Qxe5 Nxe5 20. Rae1 Kg7 21. Rxe4 f6 22. Nd6 Bf5 23. Nxf5+ gxf5 24. Ra4 Nd7 25. b4 Nb6 26. Ra5 Nc4 27. Rb5 Ne3 28. Re1 Nxc2 29. Re7+ Kg6 30. Rbb7 Naxb4 31. Rg7+ Kh6 32. Rxh7+ Kg5 33. g3 f4 34. gxf4+ Kf5 35. d6 Rxa2 36. Ra7 Rb2 37. d7 Rb1+ 38. Kf2 Nc6 39. Ra5+ Kg6 40. Rh8 Rd1 41. Rc5 N2b4 42. Rc8 Rxd7 43. R8xc6 Nxc6 44. Rxc6 Kf5 45. Ke3 Rh7 46. Rc5+ Kg4 1/2-1/2

[Event "LBN-ch"]
[Site "Beirut"]
[Date "2023.11.07"]
[Round "7"]
[White "Kassar, Bashar"]
[Black "Nasser, Hadi"]
[Result "0-1"]
[WhiteElo "1547"]
[BlackElo "1579"]
[PlyCount "140"]
[EventDate "2023.10.30"]
[EventType "swiss"]
[EventRounds "9"]
[EventCountry "LBN"]
[SourceTitle "CBM 217 Extra"]
[Source "ChessBase"]
[SourceDate "2024.01.31"]
[SourceVersion "1"]
[SourceVersionDate "2024.01.31"]
[SourceQuality "1"]

1. Nf3 d5 2. c4 e6 3. g3 Nf6 4. Bg2 Be7 5. 0-0 0-0 6. b3 c6 7. Bb2 Nbd7 8. d3 b6 9. Nbd2 Bb7 10. Ne5 Nxe5 11. Bxe5 c5 12. e4 dxe4 13. Nxe4 Nxe4 14. Bxe4 Bxe4 15. dxe4 Bf6 16. Qxd8 Rfxd8 17. Bxf6 gxf6 18. Rad1 Rd4 19. Rxd4 cxd4 20. Rd1 e5 21. h4 Rc8 22. Kg2 Kg7 23. Kf3 Kg6 24. g4 a6 25. Ke2 Kg7 26. f4 Kg6 27. f5+ Kg7 28. Kd3 h6 29. b4 Kf8 30. Rc1 Ke7 31. c5 Kd7 32. Kc4 Kc6 33. Rb1 b5+ 34. Kb3 Ra8 35. Rg1 Rh8 36. a4 Rg8 37. axb5+ axb5 38. Kc2 Rd8 39. Kd3 Ra8 40. g5 Ra3+ 41. Kc2 fxg5 42. hxg5 hxg5 43. Rxg5 Re3 44. Rg4 Re2+ 45. Kd3 Rb2 46. Rg7 Rb3+ 47. Kd2 Rxb4 48. Rxf7 Kxc5 49. Re7 Rb2+ 50. Ke1 d3 51. Rd7 Re2+ 52. Kd1 Rxe4 53. f6 Rf4 54. f7 Kc6 55. Ra7 e4 56. Kd2 Rf3 57. Re7 Kd5 58. Rb7 Ke6 59. Rxb5 Kxf7 60. Re5 Rf4 61. Ke3 Rg4 62. Kd2 Kf6 63. Rd5 Rg5 64. Rd4 Ke5 65. Ra4 Kf4 66. Ra6 Rg2+ 67. Kd1 Ke3 68. Kc1 Rg1+ 69. Kb2 d2 70. Ra3+ Ke2 0-1

[Event "LBN-ch"]
[Site "Beirut"]
[Date "2023.11.04"]
[Round "5"]
[White "Tenbelian, Haig"]
[Black "Kassar, Bashar"]
[Result "0-1"]
[WhiteElo "1517"]
[BlackElo "1547"]
[PlyCount "74"]
[EventDate "2023.10.30"]
[EventType "swiss"]
[EventRounds "9"]
[EventCountry "LBN"]
[SourceTitle "CBM 217 Extra"]
[Source "ChessBase"]
[SourceDate "2024.01.31"]
[SourceVersion "1"]
[SourceVersionDate "2024.01.31"]
[SourceQuality "1"]

1. d4 Nf6 2. c4 e6 3. Nc3 Bb4 4. e3 c5 5. g3 cxd4 6. exd4 d5 7. a3 Bxc3+ 8. bxc3 0-0 9. Bg2 Qc7 10. Qa4 b5 11. Qxb5 Ba6 12. Bf4 Qc8 13. Qb2 Qxc4 14. Ne2 Rc8 15. Rc1 Nbd7 16. f3 Nb6 17. Rc2 Na4 18. Qc1 Qb3 19. Bd6 Bxe2 20. Kxe2 Nxc3+ 21. Kd2 Qa4 22. Bb4 Rc4 23. Bxc3 Rac8 24. Bf1 R4c7 25. Bd3 Nd7 26. Qa1 e5 27. Rhc1 e4 28. fxe4 dxe4 29. Bxe4 Nf6 30. Bd3 Qc6 31. Rg1 Nd5 32. Bb4 Qh6+ 33. Kd1 Ne3+ 34. Ke2 Nxc2 35. Qd1 Qxh2+ 36. Kf3 Nxd4+ 37. Ke3 Re8+ 0-1

[Event "Dekweneh op"]
[Site "Dekweneh"]
[Date "2023.03.02"]
[Round "6"]
[White "Iskandarian, Edward"]
[Black "Kassar, Bashar"]
[Result "0-1"]
[WhiteElo "1535"]
[BlackElo "1601"]
[PlyCount "54"]
[EventDate "2023.02.25"]
[EventType "swiss"]
[EventRounds "9"]
[EventCountry "LBN"]
[SourceTitle "CBM 213 Extra"]
[Source "ChessBase"]
[SourceDate "2023.05.31"]
[SourceVersion "1"]
[SourceVersionDate "2023.05.31"]
[SourceQuality "1"]

1. e4 e6 2. d4 d5 3. Nd2 h6 4. Ngf3 Nf6 5. e5 Nfd7 6. Be2 c5 7. c3 Nc6 8. a3 cxd4 9. cxd4 Qb6 10. Nf1 g5 11. h3 Be7 12. Rb1 Bxa3 13. Bd2 Bb4 14. Bxb4 Qxb4+ 15. Qd2 a5 16. Ne3 Qb3 17. 0-0 Nb6 18. Ng4 Nc4 19. Nf6+ Ke7 20. Bxc4 Qxc4 21. Rfc1 Qb4 22. Rc3 Ra6 23. Rd1 Kd8 24. Rdc1 Kc7 25. R1c2 Kb8 26. Qc1 Ka7 27. Rb3 Qxb3 0-1

[Event "Dekweneh op"]
[Site "Dekweneh"]
[Date "2023.02.28"]
[Round "4"]
[White "Kazandjian, Aram"]
[Black "Kassar, Bashar"]
[Result "0-1"]
[WhiteElo "1189"]
[BlackElo "1601"]
[PlyCount "56"]
[EventDate "2023.02.25"]
[EventType "swiss"]
[EventRounds "9"]
[EventCountry "LBN"]
[SourceTitle "CBM 213 Extra"]
[Source "ChessBase"]
[SourceDate "2023.05.31"]
[SourceVersion "1"]
[SourceVersionDate "2023.05.31"]
[SourceQuality "1"]

1. e4 e6 2. d4 d5 3. e5 c5 4. c3 Qb6 5. Nf3 Nc6 6. Bd3 cxd4 7. cxd4 Bd7 8. 0-0 Nxd4 9. Nxd4 Qxd4 10. Nc3 a6 11. Kh1 Qxe5 12. Re1 Qd6 13. Qf3 Nf6 14. Bf4 Qb4 15. Bg5 Be7 16. Bxf6 gxf6 17. Re2 Bc6 18. Qh5 Rg8 19. Rxe6 Rg5 20. Rxe7+ Qxe7 21. Qxh7 0-0-0 22. f4 Re8 23. h3 Rgg8 24. Qf5+ Qe6 25. Qh5 Rh8 26. Qf5 d4 27. Ne2 Rxh3+ 28. Qxh3 Qxh3+ 0-1

[Event "Francophonie-chT Rapid"]
[Site "Tornelo INT"]
[Date "2022.06.05"]
[Round "9.9"]
[White "Kassar, Bashar"]
[Black "Aduamah, David Kofi"]
[Result "1-0"]
[WhiteElo "1442"]
[BlackElo "1742"]
[PlyCount "89"]
[EventDate "2022.06.04"]
[EventType "team-swiss (rapid)"]
[EventRounds "11"]
[EventCountry "FRA"]
[SourceTitle "CBM 208 Extra"]
[Source "ChessBase"]
[SourceDate "2022.07.31"]
[SourceVersion "1"]
[SourceVersionDate "2022.07.31"]
[SourceQuality "1"]
[WhiteTeam "Lebanon II"]
[BlackTeam "Ghana"]
[WhiteTeamCountry "LBN"]
[BlackTeamCountry "GHA"]

1. e4 d6 2. d4 Nf6 3. Nc3 c6 4. f3 g6 5. Be3 Bg7 6. Qd2 Qb6 7. 0-0-0 a5 8. d5 c5 9. Bb5+ Bd7 10. Bxd7+ Nbxd7 11. Nge2 Ne5 12. Na4 Qb5 13. Nec3 Qa6 14. Bxc5 dxc5 15. Nxc5 Qb6 16. Qd4 Nfd7 17. N3a4 Qc7 18. Nxd7 Qxd7 19. Nb6 Qd8 20. Nxa8 Qxa8 21. f4 0-0 22. fxe5 b5 23. h4 a4 24. h5 a3 25. hxg6 axb2+ 26. Qxb2 hxg6 27. Rh3 Qb8 28. Rdh1 Qxe5 29. Qxe5 Bxe5 30. Rb3 Ra8 31. Kb1 Ra4 32. Re1 b4 33. g4 Bc3 34. Re3 Kg7 35. e5 Ra5 36. d6 exd6 37. exd6 Rd5 38. Rd3 Rxd3 39. cxd3 Kf6 40. Rxc3 bxc3 41. Kc2 Ke6 42. Kxc3 f5 43. gxf5+ gxf5 44. Kd4 Kxd6 45. a4 1-0

[Event "Arab-ch U16"]
[Site "Baghdad"]
[Date "2022.03.11"]
[Round "2"]
[White "Kassar, Bashar"]
[Black "Mohammed Al Sadik, Firas Qassim"]
[Result "0-1"]
[WhiteElo "1379"]
[BlackElo "1886"]
[PlyCount "86"]
[EventDate "2022.03.10"]
[EventType "swiss"]
[EventRounds "9"]
[EventCountry "IRQ"]
[SourceTitle "EXT 2023"]
[Source "ChessBase"]
[SourceDate "2022.10.05"]
[SourceVersion "1"]
[SourceVersionDate "2022.10.05"]
[SourceQuality "1"]

1. Nf3 Nf6 2. d4 g6 3. c4 Bg7 4. Nc3 d5 5. cxd5 Nxd5 6. Bd2 0-0 7. e4 Nxc3 8. Bxc3 c5 9. d5 e6 10. Bc4 exd5 11. Bxd5 Bxc3+ 12. bxc3 Nd7 13. Qd2 Nf6 14. c4 Nxd5 15. cxd5 Bg4 16. 0-0 Re8 17. Qh6 Bxf3 18. gxf3 Re5 19. Qe3 Rh5 20. f4 Qd7 21. Kg2 Re8 22. Rfe1 Rxd5 23. Qg3 Rd4 24. f3 Rd2+ 25. Kh1 Qc7 26. e5 Qd7 27. Re4 b5 28. a4 b4 29. Qg4 Qxg4 30. fxg4 b3 31. Rc4 b2 32. Rb1 Red8 33. Re4 Rd1+ 34. Re1 Rxe1+ 35. Rxe1 c4 36. f5 c3 37. f6 c2 38. e6 c1Q 39. Rxc1 bxc1Q+ 40. Kg2 Rd2+ 41. Kg3 Qc3+ 42. Kh4 Rxh2+ 43. Kg5 Qe3# 0-1

[Event "Kaspersky op U16"]
[Site "Tornelo INT"]
[Date "2021.04.02"]
[Round "6"]
[White "Kassar, Bashar"]
[Black "Norkeliunas, Sarunas"]
[Result "1-0"]
[WhiteElo "1379"]
[BlackElo "1182"]
[PlyCount "57"]
[EventDate "2021.04.02"]
[EventType "swiss (blitz)"]
[EventRounds "11"]
[EventCountry "RUS"]
[SourceTitle "CBM 201 Extra"]
[Source "ChessBase"]
[SourceDate "2021.05.31"]
[SourceVersion "1"]
[SourceVersionDate "2021.05.31"]
[SourceQuality "1"]

1. e4 e5 2. Nf3 Nc6 3. Bc4 Bc5 4. c3 Nf6 5. d4 exd4 6. e5 Ng4 7. 0-0 0-0 8. cxd4 Nh6 9. Bxh6 gxh6 10. dxc5 Na5 11. Bd3 d6 12. cxd6 cxd6 13. exd6 f5 14. Qa4 Nc6 15. Rd1 Be6 16. Bc4 Qd7 17. Bxe6+ Qxe6 18. Nc3 Rfd8 19. Qf4 a5 20. h3 Nb4 21. a3 Nc2 22. Rac1 Qb3 23. Qxf5 Qxb2 24. Qxc2 Qb6 25. Ne4 Rf8 26. Qc4+ Kh8 27. Qd4+ Qxd4 28. Nxd4 Rf4 29. f3 1-0

[Event "Wch FIDE Online U14 Asia qual"]
[Site "Tornelo INT"]
[Date "2020.12.12"]
[Round "4"]
[White "Husam, Al Dain Abdulhakim"]
[Black "Kassar, Bashar"]
[Result "0-1"]
[WhiteElo "1342"]
[BlackElo "1379"]
[PlyCount "76"]
[EventDate "2020.12.11"]
[EventType "swiss (rapid)"]
[EventRounds "7"]
[EventCountry "ISS"]
[SourceTitle "EXT 2022"]
[Source "ChessBase"]
[SourceDate "2021.10.06"]
[SourceVersion "1"]
[SourceVersionDate "2021.10.06"]
[SourceQuality "1"]

1. e4 e6 2. d4 d5 3. exd5 exd5 4. Nf3 Nc6 5. Bd3 Bg4 6. c3 Bd6 7. 0-0 Nge7 8. Bg5 f6 9. Bh4 g5 10. Bg3 Bxg3 11. fxg3 Qd6 12. Nbd2 0-0-0 13. b4 h5 14. b5 Na5 15. Qa4 Qb6 16. Rae1 Rde8 17. Qb4 Nf5 18. h3 Ne3 19. hxg4 Nxf1 20. Rxe8+ Rxe8 21. Kxf1 hxg4 22. Bf5+ Kb8 23. Bxg4 c6 24. a4 Qc7 25. c4 dxc4 26. Nxc4 Nxc4 27. Qxc4 cxb5 28. Qxc7+ Kxc7 29. axb5 Kb6 30. Kf2 Rd8 31. Ke3 Kxb5 32. Ke4 a5 33. Kf5 a4 34. Kxf6 a3 35. Be6 Rd6 36. Nd2 Kb4 37. Ke5 Rxe6+ 38. Kxe6 a2 0-1

[Event "Beirut Christmas op 20th"]
[Site "Beirut"]
[Date "2018.12.29"]
[Round "6"]
[White "Kassar, Bashar"]
[Black "Kabalan, Farah"]
[Result "1/2-1/2"]
[WhiteElo "1162"]
[BlackElo "1629"]
[PlyCount "53"]
[EventDate "2018.12.22"]
[EventType "swiss"]
[EventRounds "7"]
[EventCountry "LBN"]
[SourceTitle "CBM 188 Extra"]
[Source "ChessBase"]
[SourceDate "2019.02.28"]
[SourceVersion "1"]
[SourceVersionDate "2019.02.28"]
[SourceQuality "1"]

1. d4 Nf6 2. c4 d6 3. Nc3 g6 4. e4 Bg7 5. Nf3 0-0 6. Be2 Nbd7 7. 0-0 c6 8. Bf4 Nh5 9. Be3 Qc7 10. Qd2 e5 11. d5 c5 12. Bh6 a6 13. Bxg7 Kxg7 14. Nh4 Nf4 15. Bd1 Qd8 16. Nf3 Nb6 17. b3 g5 18. Ne2 Rg8 19. Bc2 Kh8 20. Nxf4 gxf4 21. Kh1 Bg4 22. Qc3 Qe7 23. Rg1 Rg6 24. Rgf1 Rag8 25. g3 Bxf3+ 26. Qxf3 Qg5 27. Kg2 1/2-1/2

[Event "Beirut Christmas op 20th"]
[Site "Beirut"]
[Date "2018.12.23"]
[Round "2"]
[White "Farhat, Hady"]
[Black "Kassar, Bashar"]
[Result "1/2-1/2"]
[WhiteElo "1592"]
[BlackElo "1162"]
[PlyCount "79"]
[EventDate "2018.12.22"]
[EventType "swiss"]
[EventRounds "7"]
[EventCountry "LBN"]
[SourceTitle "CBM 188 Extra"]
[Source "ChessBase"]
[SourceDate "2019.02.28"]
[SourceVersion "1"]
[SourceVersionDate "2019.02.28"]
[SourceQuality "1"]

1. e4 e6 2. d4 d5 3. exd5 exd5 4. Nf3 Nc6 5. Bf4 Nf6 6. Be2 Be7 7. 0-0 0-0 8. c3 Bf5 9. Nbd2 Re8 10. Bb5 Bd7 11. Re1 a6 12. Ba4 b5 13. Bc2 Be6 14. Ne5 Nxe5 15. Bxe5 Bd6 16. Nf3 Bxe5 17. Nxe5 Qc8 18. Re3 Bf5 19. Rf3 Bg4 20. Nxg4 Qxg4 21. Bf5 Qg5 22. Qd3 Ne4 23. Re1 Nf6 24. Ree3 Rxe3 25. Rxe3 g6 26. Bh3 Nh5 27. Qe2 Nf4 28. Qg4 Nxh3+ 29. Qxh3 f5 30. Qg3 Qxg3 31. hxg3 Kf7 32. f4 Re8 33. Re5 c6 34. Kf2 h5 35. Re3 a5 36. a3 Rb8 37. b3 a4 38. b4 Rh8 39. Re1 Re8 40. Re5 1/2-1/2